| 000 | 00492nab a22001457 4500 | ||
|---|---|---|---|
| 003 | ES-SlBCS | ||
| 005 | 20210327224238.0 | ||
| 008 | 190715s2018 ck ||||| |||| 00| 0 spa d | ||
| 040 |
_aES-SlBCS _bspa |
||
| 041 | _aspa | ||
| 100 | 1 |
_aPérez Morales, Ovidio _9115719 |
|
| 245 | 1 | 0 |
_aRepercusiones comunitarias y sociales del kerygma a la luz de Evangelii gaudium 177-185 _cOvidio Pérez Morales |
| 773 | 0 |
_gVol. 44, núm. 172, 2018,págs. 11-32 _tMedellín _wRev272 _x0121-4977 |
|
| 942 |
_2lcc _cAR |
||
| 999 |
_c480394 _d480394 |
||